| 000 | 00559nam a2200169 a 4500 | ||
|---|---|---|---|
| 001 | 000044021 | ||
| 005 | 20201002045110.0 | ||
| 008 | 140513s1990 sp a 000 0 spa d | ||
| 020 | _a8479690348 | ||
| 040 |
_aDO-SdBNP _bspa _cBNPHU |
||
| 100 | 1 |
_aAznar, Fernando _971999 |
|
| 245 | 1 | 0 |
_aEspaña Medieval : _bMusulmanes, judíos y cristianos / _cFernando Aznar. |
| 260 |
_a[Madrid] : _bCompañía Europea de Comunicación e Información, _c1990. |
||
| 300 |
_a96 p. : _bil. ; _c19 cm. |
||
| 490 | 1 | _aBiblioteca del El Sol | |
| 830 | 0 |
_aBiblioteca del El Sol _972000 |
|
| 999 |
_c43510 _d43510 |
||